| 000 | 01095cam a22002894a 4500 | ||
|---|---|---|---|
| 999 |
_c30266 _d30266 |
||
| 001 | 16716802 | ||
| 005 | 20190509093700.0 | ||
| 008 | 110401s2011 flu 000 0 eng | ||
| 010 | _a 2011013663 | ||
| 020 | _a9781616383718 (pbk.) | ||
| 020 | _a1616383712 (pbk.) | ||
| 020 | _a9781616385668 (ebk.) | ||
| 020 | _a1616385669 (ebk.) | ||
| 035 | _a(OCoLC)ocn709673721 | ||
| 040 |
_aDLC _cDLC _dIG# _dBTCTA _dZQP _dDLC |
||
| 050 | 0 | 0 | _aBV 3790 .B59 2011 |
| 100 | 1 | _aBonnke, Reinhard. | |
| 245 | 1 | 0 |
_aEvangelism by fire / _cReinhard Bonnke. |
| 246 | 3 | 4 |
_aEvangelism by fire : _bkeys for effectively reaching others with the Gospel |
| 260 |
_aLake Mary, Fla. : _bCharisma House, _cc2011. |
||
| 300 |
_ax, 320 p. ; _c23 cm. |
||
| 650 | 0 | _aEvangelistic work. | |
| 650 | 0 | _aWitness bearing (Christianity) | |
| 906 |
_a7 _bcbc _corignew _d1 _eecip _f20 _gy-gencatlg |
||
| 942 |
_2lcc _cBOOKS _hBV 3790 .B59 2011 |
||